000 00531nam a2200181Ia 4500
005 20250508153814.0
008 008 250505s9999 xx 000 0 eng d
037 _aTextual
040 _aFEDL
_beng
_cFEDL
041 _aeng
_2eng
084 _a370.954 14, BEN
_qFEDL
245 0 _aProceedings of the Bengal education week,1936, V 2
260 _aCalcutta, India
_bThe Bengal Education Week
_c1936
300 _a155p
650 _aEducation
942 _cTEXL
_h370.954 14, BEN
999 _c1345605
_d1345605